| 000 | 00772nam a22002057a 4500 | ||
|---|---|---|---|
| 999 |
_c157982 _d157982 |
||
| 005 | 20181012140527.0 | ||
| 010 | _aB-709309 | ||
| 020 |
_a9788193209462 _c320.00 |
||
| 035 | _aB-709309 | ||
| 037 | _bPANSY BOOKS(RP) | ||
| 082 | _a510 | ||
| 100 | _aYadav, Rakesh | ||
| 245 |
_aSSC Mathematics / _cby Rakesh Yadav |
||
| 260 |
_aDelhi _bRakesh Yadav Readres Publication _c2018 |
||
| 270 |
_a521, 3rrd floor, mukherjee Nagar _bDelhi _e110009 |
||
| 300 |
_a745p. _c28cm(pbk) |
||
| 500 | _aEach question with detailed video solution 1999-2016 | ||
| 942 |
_2ddc _cEN _h510 _mYAD |
||